000 00379nam a2200121Ia 4500
008 220615s9999||||xx |||||||||||||| ||und||
245 0 _aPositive Tourism in Africa
546 _aEnglish[eng]
650 _aHospitality, leisure and tourism industries
700 _aMkono, Mucha
856 _uhttps://library.oapen.org/bitstream/20.500.12657/54236/1/9780429767739.pdf
942 _cEB
999 _c16615
_d16615